| 000 | 00998naa a2200289 c 4500 | ||
|---|---|---|---|
| 001 | 41111 | ||
| 003 | ES-MaCES | ||
| 005 | 20110103093700.0 | ||
| 008 | 110103n2010 it d t 000 | eng d | ||
| 035 | _aCES20110000022v | ||
| 040 |
_aES-MaCES _bspa _cES-MaCES |
||
| 100 | 1 |
_aNee, Victor _919555 |
|
| 245 | 1 | 0 |
_aEndogenous instittutional change and dynamic capitalism _cVictor Nee and Sonja Opper |
| 650 | 4 |
_aChina _926909 |
|
| 650 | 4 |
_amodelo econométrico _929368 |
|
| 650 | 4 |
_anuevo orden económico internacional _929223 |
|
| 650 | 4 |
_acrecimiento de la producción _928245 |
|
| 650 | 4 |
_adesarrollo regional _929186 |
|
| 650 | 4 |
_aglobalización económica _930653 |
|
| 650 | 4 |
_amercado _927899 |
|
| 653 | 1 | 0 | _aCondiciones económicas |
| 700 | 1 |
_aOpper, Sonja _919982 |
|
| 773 | 0 |
_tSociologia del lavoro _gn. 118 (2010){10266 R. 077794}; p. 15-39 _w(ES-MaCES)25279 _947137 |
|
| 902 | _aART Artículo de revista | ||
| 942 |
_2CES _cAR _h0.0. |
||
| 999 |
_c41111 _d41111 |
||